Galatasaray quiz - Statistics

General Stats
  • This quiz has been taken 4 723 times
  • The average score is 4 of 10
Answer Stats
Question Answer % Correct
Galatasaray'da en cok gol atan oyuncu kim? Hakan Sükür
68%
Fernando Muslera Galatasaray'a hangi yıl'da geldi? 2011
66%
Fernando Muslera'nın ilk sezonun'da forma numarasi neydi? 25
59%
Galatasaray ne zaman kuruldu? Ekim 1905
55%
Galatasaray'ın en değerli oyuncusu kim? (04.04.2023) Nicolo Zaniolo
38%
Galatasarayda en çok maç yapan oyuncu kim? Bülent Korkmaz
35%
Galatasaray 2022-2023 sezonun'da ilk maçını hangi takıma karşı oynadı? Antalyaspor
32%
Galatasaray hangi yıl'da ilk kez Süper Lig(!) şampiyonu oldu? 1962
28%
Galatasaray kac kez şampiyonu oldu? 22
20%
Galatasaray'ın Kadro değeri kac? 176.43 mil. €
10%
No matching quizzes found
Score Distribution
Percent of People with Each Score
Percentile by Number Answered
Your Score History
You have not taken this quiz